Perceval o el Cuento del Grial / (Record no. 146944)

MARC details
000 -LEADER
campo de control de longitud fija 00594nam a2200181 i 4500
001 - NÚMERO DE CONTROL
campo de control 146944
003 - IDENTIFICADOR DE NÚMERO DE CONTROL
campo de control ES-MaACL
005 - FECHA Y HORA DE LA ÚLTIMA TRANSACCIÓN
campo de control 20250416222539.0
007 - CAMPO FIJO DE DESCRIPCIÓN FÍSICA--INFORMACIÓN GENERAL
campo de control de longitud fija t|
008 - DATOS DE LONGITUD FIJA--INFORMACIÓN GENERAL
campo de control de longitud fija 070919s1961 sp ||||1| spa d
100 1# - ENTRADA PRINCIPAL--NOMBRE DE PERSONA
Nombre de persona Chrétien de Troyes.
9 (RLIN) 38642
245 10 - MENCIÓN DEL TÍTULO
Título Perceval o el Cuento del Grial /
Mención de responsabilidad, etc. Chrétien de Troyes ; traducción del texto francés del siglo XII por Martín de Riquer.
260 ## - PUBLICACIÓN, DISTRIBUCIÓN, ETC.
Lugar de publicación, distribución, etc. [Madrid] :
Nombre del editor, distribuidor, etc. Espasa Calpe,
Fecha de publicación, distribución, etc. [1961]
300 ## - DESCRIPCIÓN FÍSICA
Extensión 228 p. ;
Dimensiones 18 cm.
700 1# - ENTRADA AGREGADA--NOMBRE PERSONAL
Nombre de persona Riquer, Martín de,
Fechas asociadas al nombre 1914-2013
9 (RLIN) 240061
852 ## - LOCALIZACIÓN
Ubicación ES-MaACL
Número de control de estantería F-229
Sublocalización o colección R.48000
Holdings
Estatus retirado Estado de pérdida Estado de daño No para préstamo Biblioteca de origen Biblioteca actual Ubicación en estantería Fecha de adquisición Fuente de adquisición Total de préstamos Signatura topográfica completa Código de barras Visto por última vez Precio de reemplazo Tipo de ítem Koha
        Biblioteca del Ateneo de Madrid Biblioteca del Ateneo de Madrid Depósito 2 17/01/2008     F-229 1153356 23/02/2023 23/02/2023 Libro impreso